ALL Ontario Cities - Statistics

General Stats
  • This quiz has been taken 244 times
  • The average score is 24 of 51
Answer Stats
City/Town % Correct
T Toronto
95%
O Ottawa
88%
H Hamilton
85%
W Windsor
85%
B Brampton
84%
K Kingston
80%
L London
80%
M Mississauga
80%
B Barrie
79%
K Kitchener
79%
T Thunder Bay
75%
O Oshawa
71%
W Waterloo
70%
N Niagara Falls
69%
B Burlington
66%
S Sarnia
66%
S Sudbury
66%
N North Bay
63%
G Guelph
62%
P Peterborough
62%
V Vaughan
62%
S Sault Ste. Marie
60%
B Brant
59%
B Belleville
57%
B Brantford
55%
C Cambridge
55%
M Markham
55%
T Timmins
51%
S St. Catharines
49%
P Pickering
45%
O Orillia
41%
C Cornwall
40%
O Owen Sound
40%
B Brockville
26%
S Stratford
26%
W Welland
26%
K Kenora
24%
K Kawartha Lakes
22%
W Woodstock
19%
S St Thomas
18%
D Dryden
15%
P Pembroke
14%
Q Quinte West
13%
T Thorold
12%
P Port Colborne
10%
E Elliot Lake
8%
H Haldimand
8%
P Prince Edward
7%
N Norfolk
6%
T Temiskaming Shores
5%
C Clarence-Rockland
2%
No matching quizzes found
Score Distribution
Percent of People with Each Score
Percentile by Number Answered
Your Score History
You have not taken this quiz